Stochastické početní metody : Metody Monte Carlo /

Na minha lista:
Detalhes bibliográficos
Main Authors: Buslenko, N.P (Author), Šrejder, Julij Anatolievič (Author)
Outros Autores: Jílovec, S (Translator)
Formato: Livro
Idioma:tcheco
Publicado em: Praha : SNTL, 1965
Assuntos:
Tags: Adicionar Tag
Sem tags, seja o primeiro a adicionar uma tag!

MARC

LEADER 00000nam a22000003a 4500
001 stu35058
005 20150617225731.0
008 920406s1965----cs------------------cze-d
040 |a STU  |b slo 
041 0 |a cze 
044 |a cs 
080 |a 519.245 
100 1 |a Buslenko, N.P  |4 aut 
245 1 |a Stochastické početní metody :  |b Metody Monte Carlo /  |c [aut.]N.P. Buslenko, J.A. Šrejder; Z rus. S. Jílovec 
260 |a Praha :  |b SNTL,  |c 1965 
300 |a 195 s 
650 7 |a Metódy Monte-Carlo  |2 stusub 
700 1 |a Šrejder, Julij Anatolievič  |4 aut 
700 1 |a Jílovec, S  |4 trl 
996 |b M 17136  |c M*4919-1  |l MMKN  |s A  |a 24  |w stu35058_0001